| 000 | 00938cam a2200217 4500 | ||
|---|---|---|---|
| 001 | WB3841-08 | ||
| 008 | 021105n2002 000 0 eng u | ||
| 035 | _a(Sirsi) u120380 | ||
| 245 | _aReport calls for review of green belt policy | ||
| 260 | _c2002 | ||
| 490 |
_aRegeneration and Renewal _v01 November 2002, 5(1) |
||
| 520 | _aCountry Land and Business Association (CLA) has published new report "Our cities are getting fatter - should we loosen our green belts?" which argues green belts are too restrictive and constrain sustainable development of rural communities, as they concentrate too much on urban regeneration. More information available from t +44 (0)20 7235 0511 or www.cla.org.uk | ||
| 590 | _aWB | ||
| 650 | _aGREEN BELT POLICY | ||
| 650 | _aPPG7 | ||
| 650 | _aURBAN REGENERATION | ||
| 650 | _aSUSTAINABLE DEVELOPMENT | ||
| 650 | _aRURAL DEVELOPMENT | ||
| 690 | _aPROPERTY-PROPERTY DEVELOPMENT | ||
| 942 | _n0 | ||
| 999 |
_c71532 _d71532 |
||